<?xml version="1.0" encoding="UTF-8"?>
<record
    xmlns:xsi="http://www.w3.org/2001/XMLSchema-instance"
    xsi:schemaLocation="http://www.loc.gov/MARC21/slim http://www.loc.gov/standards/marcxml/schema/MARC21slim.xsd"
    xmlns="http://www.loc.gov/MARC21/slim">

  <leader>01172cam a2200265 a 4500</leader>
  <controlfield tag="001">84212</controlfield>
  <controlfield tag="003">BD-RjUL</controlfield>
  <controlfield tag="005">20241103115343.0</controlfield>
  <controlfield tag="008">841221s1984    ii d     b    100 0 ara  </controlfield>
  <datafield tag="035" ind1=" " ind2=" ">
    <subfield code="a">(BD-RjUL)84212</subfield>
  </datafield>
  <datafield tag="040" ind1=" " ind2=" ">
    <subfield code="a">DLC</subfield>
    <subfield code="c">DLC</subfield>
    <subfield code="d">DLC</subfield>
    <subfield code="b">eng</subfield>
  </datafield>
  <datafield tag="041" ind1="0" ind2=" ">
    <subfield code="a">engurd</subfield>
  </datafield>
  <datafield tag="082" ind1="0" ind2="0">
    <subfield code="a">909.097671</subfield>
    <subfield code="2">23</subfield>
    <subfield code="b">ISL 1984</subfield>
  </datafield>
  <datafield tag="111" ind1="2" ind2=" ">
    <subfield code="a">National Hijra Conference on History and Culture</subfield>
    <subfield code="d">(1980 :</subfield>
    <subfield code="c">Isl&#x101;m&#x101;b&#x101;d, Pakistan)</subfield>
    <subfield code="9">14046</subfield>
  </datafield>
  <datafield tag="245" ind1="1" ind2="0">
    <subfield code="a"> &#x627;&#x633;&#x644;&#x627;&#x645; &#x62F;&#x648;&#x631; &#x62D;&#x627;&#x636;&#x631; &#x645;&#x64A;&#x6BA; : &#x645;&#x646;&#x62A;&#x62E;&#x628; &#x645;&#x636;&#x645;&#x649;&#x646; / Isl&#x101;m daure-e- &#x1E25;&#x101;z&#x324;ir men&#x332; : muntak&#x332;h&#x332;ab maz&#x324;am&#x12B;n  / </subfield>
    <subfield code="c">&#x648;&#x644;&#x641;&#x631;&#x688; &#x6A9;&#x646;&#x679;&#x648;&#x64A;&#x644; &#x627;&#x633;&#x645;&#x62A;&#x647; &#x61B; &#x62A;&#x631;&#x62A;&#x649;&#x628;&#x60C; &#x645;&#x634;&#x649;&#x631; &#x627;&#x644;&#x62D;&#x642;., Wilfred Cantwell Smith / Vilfri&#x1E0D; Kan&#x1E6D;v&#x12B;l Ismith ; tart&#x12B;b, Mush&#x12B;rul &#x1E24;aq</subfield>
  </datafield>
  <datafield tag="260" ind1=" " ind2=" ">
    <subfield code="a"> Na&#x2BC;&#x12B; Dehl&#x12B; :</subfield>
    <subfield code="b">&#x645;&#x6A9;&#x62A;&#x628;&#x647; &#x62C;&#x627;&#x645;&#x639;&#x647; &#x644;&#x645;&#x679;&#x64A;&#x688;&#x60C;,  Maktabah J&#x101;mi&#x2BB;ah Limi&#x1E6D;i&#x1E0D;,</subfield>
    <subfield code="c">1984.</subfield>
  </datafield>
  <datafield tag="300" ind1=" " ind2=" ">
    <subfield code="a">x,208 p. :</subfield>
    <subfield code="b">charts ;</subfield>
    <subfield code="c">21 cm.</subfield>
  </datafield>
  <datafield tag="500" ind1=" " ind2=" ">
    <subfield code="a">English and Urdu.</subfield>
  </datafield>
  <datafield tag="500" ind1=" " ind2=" ">
    <subfield code="a">Title on added t.p.: &#x2BB;&#x100;lam-i Isl&#x101;m daur-i &#x1E25;&#x101;z&#x324;ir men&#x332;.</subfield>
  </datafield>
  <datafield tag="504" ind1=" " ind2=" ">
    <subfield code="a">Bibliographies.</subfield>
  </datafield>
  <datafield tag="650" ind1=" " ind2="0">
    <subfield code="a">Islamic civilization </subfield>
    <subfield code="y">Since 1800</subfield>
    <subfield code="9">14047</subfield>
  </datafield>
  <datafield tag="651" ind1=" " ind2="0">
    <subfield code="a"> Islam </subfield>
    <subfield code="x">.</subfield>
    <subfield code="y">20th century</subfield>
    <subfield code="9">14048</subfield>
  </datafield>
  <datafield tag="700" ind1=" " ind2=" ">
    <subfield code="a">Mush&#x12B;rul &#x1E24;aq</subfield>
    <subfield code="9">14049</subfield>
  </datafield>
  <datafield tag="942" ind1=" " ind2=" ">
    <subfield code="2">ddc</subfield>
    <subfield code="c">BK</subfield>
  </datafield>
  <datafield tag="999" ind1=" " ind2=" ">
    <subfield code="c">84212</subfield>
    <subfield code="d">84212</subfield>
  </datafield>
  <datafield tag="952" ind1=" " ind2=" ">
    <subfield code="0">0</subfield>
    <subfield code="1">0</subfield>
    <subfield code="2">ddc</subfield>
    <subfield code="4">0</subfield>
    <subfield code="7">1</subfield>
    <subfield code="8">NFIC</subfield>
    <subfield code="a">RUCL</subfield>
    <subfield code="b">RUCL</subfield>
    <subfield code="c">Reading</subfield>
    <subfield code="d">1996-05-25</subfield>
    <subfield code="e">Uttarbango Library , Rajshahi</subfield>
    <subfield code="g">50.00</subfield>
    <subfield code="o">U 909.097671 ISL 1984</subfield>
    <subfield code="r">2024-11-03 00:00:00</subfield>
    <subfield code="t">C-1</subfield>
    <subfield code="y">BK</subfield>
  </datafield>
</record>
